000 00599nam a22002177a 4500
003 UA-OsUOA
001 36898
007 ta
008 20060216b un ||||| |||| 00| 0 ukr d
100 _aМ'ясоїд П.
090 _a159
_bМ11
942 _cSA
040 _aUA-OsUOA
_bukr
_cUA-OsUOA
_dUA-OsUOA
245 _a"Паралелограм" Олексія Леонтьева та основна проблема психології
300 _aС.53-96
955 _a0
041 _aukr
080 _a159
773 0 _w36893
650 7 _a1 Філософські науки
_2UDC
999 _c323128
_d323128